Glosario español-hebreo bíblico

Kaydedildi:
Detaylı Bibliyografya
Yazar: Morla-Asensio, Víctor (autor)
Materyal Türü: Kitap
Dil:İspanyolca
İbranice
Baskı/Yayın Bilgisi: Madrid Trotta 1999
Konular:
Etiketler: Etiketle
Etiket eklenmemiş, İlk siz ekleyin!

MARC

LEADER 00000nam a2200000 a 4500
001 UCL4304
003 CL-VaPUC
008 040109e19990000SP |||||||||||||||||spa|d
020 |a 848164319X 
041 0 7 |a spa  |2 CL-VaPUC 
041 0 7 |a heb  |2 CL-VaPUC 
082 0 4 |a 492.403  |b MOR  |2 21 
100 |a Morla-Asensio, Víctor  |e autor  |9 444278 
245 1 0 |a Glosario español-hebreo bíblico 
246 1 0 |a Diccionario bíblico hebreo-español 
300 |a pág. irreg 
942 |c BK 
945 |d 20040109 00:00:00  |a cmena 
260 |a Madrid  |b Trotta  |c 1999 
650 0 |a Hebreo   |9 391464 
650 0 |a Español  |9 255372 
650 0 |a Diccionarios  |9 256200 
583 |a last modification  |c 20040109 00:00:00  |k Rodrigo Vera 
999 |c 307180  |d 307178 
952 |0 0  |1 0  |4 0  |6 492_403000000000000_MOR_1999  |7 0  |8 F  |9 372892  |a BIBTEO  |b BIBTEO  |d 2019-11-21  |i 3917290  |o 492.403 MOR 1999  |p 3917290  |r 2025-01-17  |w 2019-11-21  |y BK_F  |k ICR